[Event "Championnat de France - Open A"]
[Site "PAU"]
[Date "2012.08.18"]
[Round "5.10"]
[White "Richet, Vincent"]
[Black "Thon, Gabriel"]
[Result "0-1"]
[WhiteElo "2051"]
[BlackElo "2081"]
[PlyCount "44"]

1. e4 c5 2. Nf3 e6 3. d4 cxd4 4. Nxd4 Nf6 5. Nc3 d6 6. Bg5 Be7 7. Ndb5 O-O 8.
Bxf6 Bxf6 9. Qxd6 Qa5 10. Bd3 Nc6 11. Qa3 Qd8 12. Rd1 Bd7 13. Be2 a6 14. Nd6 b5
15. Qc5 b4 16. Na4 Rb8 17. Bxa6 Bd4 18. Qc4 Qf6 19. O-O e5 20. Nb5 Na5 21. Qxb4
Qxa6 22. c4 Nxc4 0-1

[Event "Championnat de France - Open A"]
[Site "PAU"]
[Date "2012.08.19"]
[Round "6.1"]
[White "Gidel, Jean-Louis"]
[Black "Naudier, Serge"]
[Result "0-1"]
[WhiteElo "2102"]
[BlackElo "2199"]
[PlyCount "108"]

1. c4 Nf6 2. g3 e5 3. Bg2 g6 4. Nc3 Bg7 5. d3 O-O 6. e4 Nc6 7. Nge2 Nd4 8. O-O
Ne8 9. f4 d6 10. Be3 c6 11. Qd2 Nc7 12. Rae1 Be6 13. b3 Qd7 14. Bf2 Bh3 15.
Nxd4 Bxg2 16. Kxg2 exd4 17. Ne2 c5 18. Ng1 b5 19. Nf3 bxc4 20. bxc4 f5 21. exf5
Rxf5 22. Qd1 Rb8 23. Bg1 d5 24. Qc2 dxc4 25. Qxc4+ Qd5 26. Rc1 Rb4 27. Qxd5+
Nxd5 28. Rc2 Ra4 29. Rfc1 Ra5 30. Rd2 Nc3 31. Rcc2 Rf6 32. Rb2 Rb6 33. Kh3 Bf6
34. g4 Nd5 35. g5 Be7 36. Kg4 Rxb2 37. Rxb2 Nb4 38. Re2 Kf8 39. Ne5 Rxa2 40.
Re1 Rd2 41. Nd7+ Kf7 42. Ne5+ Ke8 43. f5 gxf5+ 44. Kxf5 Nxd3 45. Nxd3 Rxd3 46.
h4 Kf7 47. h5 Rg3 48. g6+ hxg6+ 49. hxg6+ Rxg6 50. Rxe7+ Kxe7 51. Kxg6 a5 52.
Kf5 a4 53. Bf2 a3 54. Bh4+ Kd7 0-1

[Event "Championnat de France - Open A"]
[Site "PAU"]
[Date "2012.08.19"]
[Round "6.2"]
[White "Poulet, Pierre-Emmanuel"]
[Black "Marie, Maxime"]
[Result "1/2-1/2"]
[WhiteElo "2034"]
[BlackElo "2170"]
[PlyCount "93"]

1. e4 g6 2. d4 c6 3. Nc3 Bg7 4. f4 d5 5. e5 h5 6. Be3 Nh6 7. Nf3 Bg4 8. Bd3 Nf5
9. Bf2 Bh6 10. h3 Bxf3 11. Qxf3 Qb6 12. Bxf5 gxf5 13. e6 fxe6 14. Qxh5+ Kd8 15.
O-O Bg7 16. Qd1 Nd7 17. Re1 Qxb2 18. Qd3 Nc5 19. Qg3 Bf6 20. Rab1 Qa3 21. dxc5
Qxc3 22. Qxc3 Bxc3 23. Rxe6 Rb8 24. Rxc6 Kd7 25. Rg6 Bf6 26. Rd1 Kc6 27. Kf1
Rhg8 28. Rxg8 Rxg8 29. Rd3 Rd8 30. g4 fxg4 31. hxg4 d4 32. g5 Bg7 33. c3 Rf8
34. cxd4 Rxf4 35. d5+ Kd7 36. Rb3 Bd4 37. Rxb7+ Kc8 38. Rb4 Rxf2+ 39. Ke1 Bxc5
40. Rc4 Rxa2 41. Rxc5+ Kd7 42. g6 Rg2 43. Ra5 Rxg6 44. Rxa7+ Ke8 45. Ke2 Rd6
46. Ra5 e6 47. dxe6 1/2-1/2

[Event "Championnat de France - Open A"]
[Site "PAU"]
[Date "2012.08.19"]
[Round "6.3"]
[White "Gicquel, Frederic"]
[Black "Gaubil, Olivier"]
[Result "1-0"]
[WhiteElo "2194"]
[BlackElo "2070"]
[PlyCount "73"]

1. d4 Nf6 2. c4 e6 3. Nf3 Bb4+ 4. Bd2 a5 5. Nc3 Bxc3 6. Bxc3 Ne4 7. Rc1 Qe7 8.
g3 O-O 9. Bg2 d6 10. O-O Nxc3 11. Rxc3 Nc6 12. Qd2 e5 13. Re3 f6 14. Rc1 Qf7
15. b3 Rd8 16. Qb2 Kh8 17. c5 Bg4 18. cxd6 cxd6 19. dxe5 dxe5 20. h3 Be6 21.
Kh2 Rd6 22. Nd2 Rad8 23. Ne4 Rd4 24. Nc3 Nb4 25. Ne4 Nc6 26. Nc5 Bd5 27. Bf1 b6
28. Na4 Qe6 29. Rec3 b5 30. Nc5 Qe7 31. e3 b4 32. R3c2 Rh4 33. gxh4 e4 34. Bg2
Ne5 35. Nxe4 Nd3 36. Qd4 Bb7 37. Nd6 1-0

[Event "Championnat de France - Open A"]
[Site "PAU"]
[Date "2012.08.19"]
[Round "6.4"]
[White "Coustance, Kevin"]
[Black "Flachet, Thierry"]
[Result "1-0"]
[WhiteElo "2054"]
[BlackElo "2089"]
[PlyCount "87"]

1. c4 c6 2. g3 d5 3. d4 Nf6 4. Bg2 a6 5. Nf3 Bf5 6. Nc3 e6 7. Qb3 b5 8. cxd5
cxd5 9. O-O Be7 10. Nh4 Bg4 11. h3 Bh5 12. e4 Nc6 13. Be3 Na5 14. Qc2 Rc8 15.
exd5 Nxd5 16. Bxd5 Qxd5 17. Nxd5 Rxc2 18. Nf4 Be2 19. Rfc1 Rxc1+ 20. Rxc1 Bc4
21. b3 g5 22. bxc4 Nxc4 23. Nxe6 fxe6 24. Nf3 Rg8 25. a4 Kd7 26. axb5 axb5 27.
Ra1 Nxe3 28. Ra7+ Kd6 29. fxe3 Bd8 30. Rxh7 Bc7 31. Ne5 Rd8 32. Nf7+ Kc6 33.
Nxd8+ Bxd8 34. h4 gxh4 35. gxh4 b4 36. Rh8 Bc7 37. Rf8 b3 38. Rf1 Kb5 39. Kf2
Kb4 40. Ke2 b2 41. Kd3 Kb3 42. h5 Bd8 43. h6 Bf6 44. h7 1-0

[Event "Championnat de France - Open A"]
[Site "PAU"]
[Date "2012.08.19"]
[Round "6.5"]
[White "Podvin, Francois-Xavier"]
[Black "Brest, Jean-Francois"]
[Result "1/2-1/2"]
[WhiteElo "2082"]
[BlackElo "2046"]
[PlyCount "87"]

1. e4 e5 2. Nf3 Nc6 3. Nc3 Nf6 4. d4 exd4 5. Nxd4 Bb4 6. Nxc6 bxc6 7. Bd3 d5 8.
exd5 cxd5 9. O-O O-O 10. Bg5 c6 11. Qf3 Be7 12. Rae1 Re8 13. h3 Be6 14. Ne2 h6
15. Bxf6 Bxf6 16. b3 Qd6 17. a4 Be5 18. Bf5 Bxf5 19. Qxf5 Re6 20. Nc1 Rae8 21.
Nd3 Bd4 22. Rxe6 Rxe6 23. Re1 Rxe1+ 24. Nxe1 Qe6 25. Qxe6 fxe6 26. Kf1 Kf7 27.
Ke2 Kf6 28. Nd3 Ke7 29. f3 Kd6 30. Kd2 e5 31. Nc1 Ke6 32. Nd3 Kd6 33. Nc1 Ke6
34. Nd3 a5 35. Nc1 Kf5 36. Kd3 Bb6 37. Ne2 Ke6 38. c3 Kd6 39. Ng3 g6 40. Ne2
Bf2 41. Nc1 Bb6 42. Ne2 Bf2 43. Nc1 Bb6 44. Ne2 1/2-1/2

[Event "Championnat de France - Open A"]
[Site "PAU"]
[Date "2012.08.19"]
[Round "6.6"]
[White "Gallant, Aurelien"]
[Black "Thon, Gabriel"]
[Result "1/2-1/2"]
[WhiteElo "2054"]
[BlackElo "2081"]
[PlyCount "76"]

1. e4 c5 2. Nf3 e6 3. d4 cxd4 4. Nxd4 Nf6 5. Nc3 d6 6. Be2 Be7 7. O-O O-O 8.
Be3 Nc6 9. f4 Bd7 10. Qe1 Nxd4 11. Bxd4 Bc6 12. Bd3 Re8 13. Kh1 Bf8 14. Qh4 Nd7
15. Qh3 Nc5 16. Bxc5 dxc5 17. f5 e5 18. Bc4 Qd4 19. b3 Qd7 20. Rad1 Qc7 21. Qh5
Rad8 22. Nd5 Bxd5 23. Bxd5 Rd6 24. Rd3 Rh6 25. Qg4 Be7 26. Rg3 Bf6 27. Qe2 Rd8
28. Rd1 b6 29. Qc4 Qe7 30. Rdd3 Kf8 31. Bc6 Bh4 32. Rxd8+ Qxd8 33. Rd3 Qg5 34.
Qd5 Qf4 35. h3 Qf1+ 36. Kh2 Qf4+ 37. Kh1 Qf1+ 38. Kh2 Qf4+ 1/2-1/2

[Event "Championnat de France - Open A"]
[Site "PAU"]
[Date "2012.08.19"]
[Round "6.7"]
[White "Muratet, Lucas"]
[Black "Ait Chaouche, Samy"]
[Result "1-0"]
[WhiteElo "2047"]
[BlackElo "2072"]
[PlyCount "45"]

1. e4 d6 2. d4 Nf6 3. Nc3 g6 4. f4 Bg7 5. Nf3 c5 6. dxc5 Qa5 7. Bd3 Qxc5 8. Qe2
O-O 9. Be3 Qa5 10. O-O Bg4 11. Qe1 Bxf3 12. Rxf3 Ng4 13. Bd2 Qb6+ 14. Kh1 e6
15. Qh4 h5 16. h3 f5 17. exf5 gxf5 18. hxg4 hxg4 19. Re3 Bf6 20. Qh6 Kf7 21.
Qh7+ Bg7 22. Qh5+ Kf6 23. Nd5+ 1-0

[Event "Championnat de France - Open A"]
[Site "PAU"]
[Date "2012.08.19"]
[Round "6.8"]
[White "Peyre, Thomas"]
[Black "Feryn, Alexandre"]
[Result "0-1"]
[WhiteElo "2072"]
[BlackElo "2128"]
[PlyCount "128"]

1. e4 c5 2. Nf3 e6 3. d4 cxd4 4. Nxd4 a6 5. Bd3 Bc5 6. Nb3 Be7 7. Qe2 d6 8. c4
Qc7 9. Nc3 Nd7 10. f4 Ngf6 11. O-O O-O 12. Be3 b6 13. g4 Nc5 14. Nxc5 bxc5 15.
g5 Nd7 16. Qh5 g6 17. Qh6 Re8 18. Rf3 Bf8 19. Qh4 Bg7 20. Rh3 Nf8 21. f5 Bxc3
22. f6 h5 23. bxc3 d5 24. e5 Qxe5 25. Rf1 Ra7 26. Bxc5 dxc4 27. Bxa7 cxd3 28.
Qd4 Qa5 29. Rxd3 Bb7 30. h4 Qxa2 31. Rd2 Qa5 32. Bb6 Qb5 33. Qd6 Qc4 34. Qg3
Qc6 35. Be3 Qxc3 36. Rfd1 Bd5 37. Rd3 Qc4 38. Rd4 Qc2 39. Qf2 Qc7 40. Rc1 Qd6
41. Rd2 Qa3 42. Rdc2 Qd3 43. Rc7 e5 44. Re7 Qe4 45. Qg3 Rb8 46. Kh2 Rb2+ 47.
Bf2 Qf5 48. Kg1 Qe4 49. Kh2 Rc2 50. Rd1 Ne6 51. Re8+ Kh7 52. Rxd5 Qxd5 53. Qg2
e4 54. Qg3 Qf5 55. Kg1 Nf4 56. Kh1 Nd3 57. Bg1 Qf1 58. Re7 Nf2+ 59. Kh2 Ng4+
60. Kh1 Qc4 61. Qb8 e3 62. Qb7 Rh2+ 63. Bxh2 Qf1+ 64. Bg1 Nf2+ 0-1

[Event "Championnat de France - Open A"]
[Site "PAU"]
[Date "2012.08.19"]
[Round "6.9"]
[White "Meunier, Clement"]
[Black "Najart, David"]
[Result "0-1"]
[WhiteElo "1989"]
[BlackElo "2109"]
[PlyCount "62"]

1. d4 Nf6 2. c4 e6 3. Nf3 d5 4. e3 c6 5. b3 Nbd7 6. Bb2 Ne4 7. Bd3 f5 8. Nbd2
Bd6 9. Ne5 Nxe5 10. dxe5 Bb4 11. Bxe4 fxe4 12. a3 Bc5 13. Qg4 O-O 14. O-O a5
15. Rfe1 Qb6 16. Bc3 Bd7 17. b4 axb4 18. axb4 Rxa1 19. Bxa1 Qxb4 20. Qe2 Qb6
21. Rb1 Qc7 22. Nb3 Be7 23. c5 b5 24. cxb6 Qxb6 25. Qa2 Rb8 26. Nd2 Qc7 27. Bc3
c5 28. Re1 Bc6 29. Qa6 Qd7 30. g3 d4 31. Ba5 Bb5 0-1

[Event "Championnat de France - Open A"]
[Site "PAU"]
[Date "2012.08.21"]
[Round "7.1"]
[White "Naudier, Serge"]
[Black "Gicquel, Frederic"]
[Result "0-1"]
[WhiteElo "2199"]
[BlackElo "2194"]
[PlyCount "68"]

1. d4 Nf6 2. c4 g6 3. Nc3 d5 4. Nf3 Bg7 5. Bg5 Ne4 6. Bh4 Nxc3 7. bxc3 dxc4 8.
Qa4+ Qd7 9. Qxc4 b6 10. Bg3 c6 11. Ne5 Qd5 12. Qb3 Ba6 13. Rd1 O-O 14. e3 Bxf1
15. Kxf1 Rd8 16. e4 Qxb3 17. axb3 c5 18. d5 Bxe5 19. Bxe5 Nc6 20. Bf4 Na5 21.
b4 Nb3 22. bxc5 bxc5 23. c4 a5 24. Ke2 a4 25. Kd3 Rd7 26. Kc3 Rb7 27. Rb1 Ra6
28. Kb2 Nd2+ 29. Ka2 Nxb1 30. Rxb1 Rxb1 31. Kxb1 Rb6+ 32. Kc2 Rb4 33. Kd3 a3
34. Be5 a2 0-1

[Event "Championnat de France - Open A"]
[Site "PAU"]
[Date "2012.08.21"]
[Round "7.2"]
[White "Marie, Maxime"]
[Black "Coustance, Kevin"]
[Result "0-1"]
[WhiteElo "2170"]
[BlackElo "2054"]
[PlyCount "50"]

1. e4 c5 2. d4 cxd4 3. c3 dxc3 4. Nxc3 d6 5. Bc4 Nc6 6. Nf3 g6 7. Bf4 Bg7 8. h4
Nf6 9. h5 gxh5 10. Ng5 O-O 11. Nd5 e5 12. Nxh7 Bg4 13. Nhxf6+ Bxf6 14. f3 exf4
15. fxg4 Bh4+ 16. Kf1 Ne5 17. Be2 Qg5 18. Qd2 hxg4 19. Qxf4 f5 20. Qxg5+ Bxg5
21. exf5 Rxf5+ 22. Ke1 Nd3+ 23. Bxd3 Re8+ 24. Be2 Rxd5 25. g3 Bd2+ 0-1

[Event "Championnat de France - Open A"]
[Site "PAU"]
[Date "2012.08.21"]
[Round "7.3"]
[White "Poulet, Pierre-Emmanuel"]
[Black "Muratet, Lucas"]
[Result "0-1"]
[WhiteElo "2034"]
[BlackElo "2047"]
[PlyCount "76"]

1. e4 c5 2. Nf3 d6 3. d4 cxd4 4. Nxd4 Nf6 5. Nc3 a6 6. Bg5 e6 7. f4 Be7 8. Qf3
h6 9. Bh4 Qc7 10. O-O-O Nbd7 11. g4 g5 12. fxg5 Ne5 13. Qg3 hxg5 14. Bxg5 Nfxg4
15. Bxe7 Qxe7 16. h4 Bd7 17. Be2 Nf6 18. Nf3 Rg8 19. Qf4 Nh5 20. Qd2 Ng3 21.
Rhg1 Nxe2+ 22. Nxe2 O-O-O 23. Nxe5 dxe5 24. Rxg8 Rxg8 25. Nc3 Bc6 26. Qh2 Qf6
27. Kb1 Rg4 28. h5 Rh4 29. Qe2 Qg5 30. Qf2 f5 31. exf5 exf5 32. Qc5 Qxh5 33.
Qf8+ Qe8 34. Qxf5+ Kb8 35. Qf6 Rh8 36. a4 Ka8 37. Nd5 Bxd5 38. Rxd5 Rh1+ 0-1

[Event "Championnat de France - Open A"]
[Site "PAU"]
[Date "2012.08.21"]
[Round "7.4"]
[White "Thon, Gabriel"]
[Black "Feryn, Alexandre"]
[Result "0-1"]
[WhiteElo "2081"]
[BlackElo "2128"]
[PlyCount "80"]

1. e4 c5 2. Nf3 e6 3. d4 cxd4 4. Nxd4 a6 5. Bd3 Bc5 6. Nb3 Be7 7. Qg4 Bf6 8.
O-O d6 9. Qg3 Nc6 10. Nc3 Nge7 11. Bf4 Ne5 12. Bxe5 dxe5 13. a4 O-O 14. Rfd1
Qc7 15. Nd2 Ng6 16. Nc4 Bd7 17. a5 Bc6 18. Na4 Nf4 19. Nab6 Rad8 20. Qe3 Rd4
21. c3 Rxd3 22. Rxd3 Nxd3 23. Qxd3 Rd8 24. Qc2 Bg5 25. b3 h5 26. f3 Bb5 27. Rd1
Qc5+ 28. Kh1 Rxd1+ 29. Qxd1 Qf2 30. Nc8 Bxc4 31. bxc4 Bd2 32. Nd6 Be1 33. Qd3
Bxc3 34. g3 Bd4 35. Qd1 h4 36. gxh4 Be3 37. Nxb7 Bf4 38. Qg1 Qxf3+ 39. Qg2 Qb3
40. Nd6 Qd1+ 0-1

[Event "Championnat de France - Open A"]
[Site "PAU"]
[Date "2012.08.21"]
[Round "7.5"]
[White "Najart, David"]
[Black "Gallant, Aurelien"]
[Result "1-0"]
[WhiteElo "2109"]
[BlackElo "2054"]
[PlyCount "133"]

1. c4 e5 2. g3 Nf6 3. Bg2 d5 4. cxd5 Nxd5 5. Nf3 Nc6 6. O-O Be7 7. d4 exd4 8.
Nxd4 Nxd4 9. Qxd4 Nf6 10. Qa4+ c6 11. Rd1 Bd7 12. Nc3 O-O 13. e4 b5 14. Qc2 Qc8
15. e5 Bf5 16. Qe2 Nd7 17. Bf4 Nc5 18. Rac1 b4 19. Nb1 Qe6 20. b3 Rfd8 21. Qe3
Rac8 22. Bf1 Qg6 23. Rxd8+ Rxd8 24. Nd2 Bd3 25. Rxc5 Bxf1 26. Nxf1 Bxc5 27.
Qxc5 Rd1 28. Qxb4 h6 29. Qc4 Qe6 30. Qxe6 fxe6 31. Kg2 Ra1 32. a4 Kf7 33. Nd2
Re1 34. h4 Kg6 35. Kf3 h5 36. Be3 a6 37. Ke4 Rc1 38. Nc4 Rc3 39. Nd2 c5 40. Nc4
Rxb3 41. Bxc5 Rc3 42. Kd4 Rf3 43. Bd6 Rxf2 44. Kc5 Rc2 45. Kb4 Kf7 46. Ne3 Rc6
47. Bc5 Rc8 48. Nc4 Kg6 49. Nd6 Rc7 50. Bb6 Rc2 51. Ka5 Ra2 52. Bd8 Ra3 53. Bg5
Rxg3 54. Kxa6 Rxg5 55. hxg5 Kxg5 56. Kb6 h4 57. Ne4+ Kf4 58. a5 h3 59. Nf2 h2
60. a6 Kf3 61. a7 Kxf2 62. a8=Q Kg1 63. Qa1+ Kg2 64. Qb2+ Kg1 65. Qd4+ Kf1 66.
Qf4+ Kg2 67. Qg4+ 1-0

[Event "Championnat de France - Open A"]
[Site "PAU"]
[Date "2012.08.21"]
[Round "7.6"]
[White "Aflalo, Sophie"]
[Black "Gidel, Jean-Louis"]
[Result "0-1"]
[WhiteElo "2065"]
[BlackElo "2102"]
[PlyCount "72"]

1. e4 c6 2. d4 d5 3. exd5 cxd5 4. c4 Nf6 5. Nc3 Nc6 6. Nf3 Bg4 7. Be3 e6 8. c5
Be7 9. Be2 O-O 10. O-O Ne4 11. Na4 f5 12. Ne5 Nxe5 13. dxe5 Bxe2 14. Qxe2 Qa5
15. Qc2 f4 16. Bd4 f3 17. a3 Qb5 18. Rae1 Qe8 19. h3 fxg2 20. Kxg2 Qg6+ 21. Kh2
Rf3 22. Rxe4 dxe4 23. Rg1 Qf5 24. Rg3 Rf8 25. Rxf3 Qxf3 26. Nc3 Qd3 27. Qa4 Bg5
28. Qd7 Bf4+ 29. Kg2 Qf3+ 30. Kf1 Qxh3+ 31. Ke1 Qh1+ 32. Ke2 Qf3+ 33. Ke1 Qd3
34. Qxe6+ Kh8 35. Qd6 Bd2+ 36. Kd1 Bxc3+ 0-1

[Event "Championnat de France - Open A"]
[Site "PAU"]
[Date "2012.08.21"]
[Round "7.7"]
[White "Fageot, Julien"]
[Black "Podvin, Francois-Xavier"]
[Result "1/2-1/2"]
[WhiteElo "2078"]
[BlackElo "2082"]
[PlyCount "51"]

1. d4 Nf6 2. Nf3 c5 3. c3 e6 4. Bf4 Nc6 5. e3 d5 6. a3 Bd6 7. dxc5 Bxc5 8. b4
Bd6 9. Bxd6 Qxd6 10. c4 O-O 11. Nc3 Rd8 12. Nb5 Qe7 13. c5 a5 14. Rb1 e5 15.
Nd6 Ne4 16. Nxc8 Raxc8 17. Qb3 axb4 18. axb4 b6 19. cxb6 Nxb4 20. Be2 Nc2+ 21.
Kf1 Na3 22. Ra1 Rc3 23. Qb2 Rc2 24. Qb3 Rc3 25. Qb2 Rc2 26. Qb3 1/2-1/2

[Event "Championnat de France - Open A"]
[Site "PAU"]
[Date "2012.08.21"]
[Round "7.8"]
[White "Laplanche, Denis"]
[Black "Brest, Jean-Francois"]
[Result "1/2-1/2"]
[WhiteElo "2172"]
[BlackElo "2046"]
[PlyCount "138"]

1. d4 d5 2. c4 c6 3. Nf3 Nf6 4. Nc3 e6 5. Bg5 dxc4 6. e4 b5 7. e5 h6 8. Bh4 g5
9. Nxg5 hxg5 10. Bxg5 Nbd7 11. exf6 Bb7 12. g3 Qb6 13. Bg2 O-O-O 14. O-O c5 15.
d5 b4 16. Na4 Qa6 17. dxe6 Qxe6 18. Bxb7+ Kxb7 19. Qf3+ Qc6 20. Qxc6+ Kxc6 21.
Rfd1 Bh6 22. Bxh6 Rxh6 23. Rac1 Kb5 24. b3 c3 25. Rd5 Kc6 26. Nxc3 bxc3 27. Rd3
Rxf6 28. Rdxc3 Re8 29. b4 Re2 30. f4 Rxa2 31. h4 Re6 32. R1c2 Rxc2 33. Rxc2 f5
34. Kf2 Kb5 35. bxc5 Nxc5 36. Kf3 Nb3 37. Ra2 a5 38. h5 Nd4+ 39. Kf2 a4 40. g4
fxg4 41. Kg3 Kb4 42. Kxg4 Kb3 43. Rd2 Nc2 44. f5 Re4+ 45. Kg5 a3 46. Rd3+ Kc4
47. Rxa3 Nxa3 48. f6 Re1 49. h6 Rg1+ 50. Kh5 Rh1+ 51. Kg6 Kd5 52. f7 Rg1+ 53.
Kf6 Rf1+ 54. Ke7 Re1+ 55. Kd8 Rf1 56. h7 Rxf7 57. h8=Q Nc4 58. Qh5+ Ne5 59. Ke8
Ke6 60. Qh3+ Kd6 61. Qa3+ Ke6 62. Qa6+ Kf5 63. Qh6 Rd7 64. Qh3+ Kf6 65. Qf1+
Ke6 66. Qa6+ Kf5 67. Qf1+ Ke6 68. Qh3+ Kd5 69. Qxd7+ Nxd7 1/2-1/2

[Event "Championnat de France - Open A"]
[Site "PAU"]
[Date "2012.08.21"]
[Round "7.9"]
[White "Flachet, Thierry"]
[Black "Entem, Alan"]
[Result "0-1"]
[WhiteElo "2089"]
[BlackElo "2158"]
[PlyCount "138"]

1. Nf3 g6 2. c4 Bg7 3. Nc3 d6 4. d4 Nf6 5. e4 O-O 6. Be2 e5 7. O-O Nc6 8. d5
Ne7 9. Ne1 Nd7 10. Nd3 f5 11. f3 f4 12. Bd2 g5 13. Rc1 Ng6 14. Be1 Rf7 15. b4
Bf8 16. Bf2 Nf6 17. c5 Rg7 18. cxd6 cxd6 19. Nb5 a6 20. Nc3 Bd7 21. Na4 g4 22.
Bb6 Qe8 23. Nc3 Nh4 24. Ne1 g3 25. Bd3 Qh5 26. h3 Rg6 27. Qe2 Be7 28. Rc2 Kh8
29. a4 Rag8 30. b5 Rh6 31. bxa6 bxa6 32. Bxa6 Nxg2 33. Qxg2 Bxh3 34. Qh1 Qg5
35. Ng2 Bxg2 36. Kxg2 Rh2+ 37. Qxh2 gxh2+ 38. Kh1 Nh5 39. Rxh2 Ng3+ 40. Kg2
Nxf1+ 41. Kxf1 Qg3 42. Rf2 Qg1+ 43. Ke2 Bh4 44. Nd1 Bxf2 45. Bxf2 Rg2 46. Bb5
h5 47. Bd7 h4 48. a5 Rxf2+ 49. Nxf2 Qa1 50. Bg4 Qxa5 51. Nh3 Qa2+ 52. Kd3 Qg2
53. Kc4 Kg7 54. Kc3 Kf6 55. Kd3 Qb2 56. Kc4 Ke7 57. Ng5 Qd4+ 58. Kb3 Qd2 59.
Kc4 Qc2+ 60. Kb4 Ke8 61. Kb5 Qc5+ 62. Ka4 Qb6 63. Ne6 Qb2 64. Ng5 Kd8 65. Ne6+
Kc8 66. Nxf4+ Kb7 67. Ne6 Kb6 68. Bh3 Qa1+ 69. Kb4 Qe1+ 0-1

[Event "Championnat de France - Open A"]
[Site "PAU"]
[Date "2012.08.21"]
[Round "7.10"]
[White "Zaninetti, Laurent"]
[Black "Fejzovski, Enver"]
[Result "0-1"]
[WhiteElo "1993"]
[BlackElo "2126"]
[PlyCount "98"]

1. d4 c5 2. d5 e5 3. c4 d6 4. g3 Be7 5. h4 Nf6 6. Nc3 Nbd7 7. e4 a6 8. a4 h6 9.
Bh3 Nf8 10. Bxc8 Rxc8 11. a5 N8d7 12. Bd2 h5 13. f3 Nh7 14. Nh3 g6 15. Qa4 g5
16. hxg5 Nxg5 17. Nxg5 Bxg5 18. f4 Bf6 19. O-O-O Ke7 20. Rh3 Qg8 21. Ne2 Qg4
22. Rh2 Qf3 23. Qc2 Rb8 24. Bc3 b5 25. axb6 Rxb6 26. Rhh1 Rbb8 27. Rhf1 Qg4 28.
Kd2 h4 29. gxh4 Rxh4 30. Rg1 Qh5 31. Qd3 Qh6 32. Rdf1 exf4 33. Kc2 Ne5 34. Bxe5
Bxe5 35. b3 Rh2 36. Qf3 Rh3 37. Ng3 Qh7 38. Nf5+ Kd8 39. Qg4 Rbxb3 40. Rb1
Rbc3+ 41. Kd2 Rh2+ 42. Ke1 Qg6 43. Nh6 Qxg4 44. Nxg4 Bd4 45. Rf1 Rg2 46. Nh6
Kc7 47. Rxf4 Rg1+ 48. Rf1 Rxf1+ 49. Kxf1 Rh3 0-1

[Event "Championnat de France - Open A"]
[Site "PAU"]
[Date "2012.08.22"]
[Round "8.1"]
[White "Coustance, Kevin"]
[Black "Naudier, Serge"]
[Result "0-1"]
[WhiteElo "2054"]
[BlackElo "2199"]
[PlyCount "54"]

1. c4 Nf6 2. g3 e5 3. Bg2 g6 4. Nc3 Bg7 5. e3 O-O 6. Nge2 c6 7. O-O Na6 8. d4
exd4 9. exd4 d5 10. cxd5 Nxd5 11. Nxd5 cxd5 12. Nc3 Be6 13. Be3 Qa5 14. Qb3
Rfd8 15. Rfd1 Rac8 16. Bf4 Nb4 17. a3 Nc6 18. Qxb7 Nxd4 19. Bg5 Rd6 20. Qb4 Qb6
21. Be3 Nc2 22. Qa4 Qxb2 23. Nb5 Nxe3 24. Nxd6 Nxd1 25. Rxd1 Rc1 26. Rf1 Rxf1+
27. Bxf1 Bd4 0-1

[Event "Championnat de France - Open A"]
[Site "PAU"]
[Date "2012.08.22"]
[Round "8.2"]
[White "Gicquel, Frederic"]
[Black "Muratet, Lucas"]
[Result "1-0"]
[WhiteElo "2194"]
[BlackElo "2047"]
[PlyCount "69"]

1. c4 e5 2. Nc3 Nf6 3. g3 d5 4. cxd5 Nxd5 5. Bg2 Nb6 6. Nf3 Nc6 7. O-O Be7 8.
d3 O-O 9. a3 Be6 10. Rb1 f6 11. b4 a5 12. b5 Nd4 13. Nd2 Nd5 14. Bxd5 Bxd5 15.
e3 Be6 16. exd4 exd4 17. Ne2 g5 18. Bb2 Kg7 19. Nxd4 Bh3 20. Re1 Bc5 21. N2b3
Bb6 22. Ne6+ Bxe6 23. Rxe6 a4 24. Nc1 Qd5 25. Qe1 Rf7 26. Qe4 Qc5 27. Qe2 h5
28. Na2 Qf5 29. Re4 Rd8 30. Nc3 Qh3 31. Nxa4 Ba7 32. b6 cxb6 33. Bd4 Rdd7 34.
Bxb6 f5 35. Re8 1-0

[Event "Championnat de France - Open A"]
[Site "PAU"]
[Date "2012.08.22"]
[Round "8.3"]
[White "Feryn, Alexandre"]
[Black "Najart, David"]
[Result "1/2-1/2"]
[WhiteElo "2128"]
[BlackElo "2109"]
[PlyCount "109"]

1. e4 c5 2. Nf3 d6 3. d4 cxd4 4. Nxd4 Nf6 5. Nc3 a6 6. Bg5 Nbd7 7. f4 Qc7 8.
Qf3 h6 9. Bxf6 Nxf6 10. Bd3 g6 11. Qg3 Bg7 12. Nf5 Bxf5 13. exf5 Nh5 14. Qf3
Bxc3+ 15. bxc3 Qxc3+ 16. Ke2 Qf6 17. g4 Ng7 18. Qxb7 O-O 19. fxg6 fxg6 20. Qe4
Qxf4 21. Raf1 Qxe4+ 22. Bxe4 Rxf1 23. Rxf1 Rf8 24. Rxf8+ Kxf8 25. Bxg6 Ne6 26.
Ke3 Kg7 27. Bd3 Nc5 28. Be2 Kf6 29. Kf4 e5+ 30. Kg3 d5 31. Kh4 Kg6 32. Kg3 a5
33. Bb5 Ne4+ 34. Kh4 Nc3 35. Be8+ Kg7 36. a3 Nb1 37. a4 Na3 38. Bc6 d4 39. Be4
Nc4 40. g5 Nb6 41. Bc6 e4 42. gxh6+ Kxh6 43. Bxe4 Nxa4 44. Kg4 Nc3 45. Bc6 Kg6
46. Kf4 Kf6 47. h4 Ke6 48. h5 Kf6 49. h6 a4 50. Bxa4 Nxa4 51. Ke4 Kg6 52. Kxd4
Kxh6 53. Kc4 Kg6 54. Kb4 Nb6 55. c4 1/2-1/2

[Event "Championnat de France - Open A"]
[Site "PAU"]
[Date "2012.08.22"]
[Round "8.4"]
[White "Entem, Alan"]
[Black "Gidel, Jean-Louis"]
[Result "0-1"]
[WhiteElo "2158"]
[BlackElo "2102"]
[PlyCount "80"]

1. e4 c6 2. d4 d5 3. Nc3 dxe4 4. Nxe4 Bf5 5. Ng3 Bg6 6. h4 h6 7. Nf3 Nd7 8. h5
Bh7 9. Bd3 Bxd3 10. Qxd3 e6 11. Bd2 Ngf6 12. Qe2 Be7 13. O-O O-O 14. c4 c5 15.
Bc3 cxd4 16. Nxd4 a6 17. Rad1 Qb6 18. Ndf5 Bb4 19. Bxb4 Qxb4 20. Nd6 b5 21. a3
Qa4 22. cxb5 axb5 23. Nxb5 Ra5 24. Nd6 Qh4 25. Rfe1 Rg5 26. Nde4 Rg4 27. Rd4
Nd5 28. Qd1 f5 29. Rxd5 exd5 30. Qxd5+ Kh8 31. Nxf5 Qxh5 32. Ned6 Rg5 33. Re7
Nf6 34. Qd3 Ng8 35. Re5 Nf6 36. f4 Ng4 37. Qh3 Qxh3 38. gxh3 Nxe5+ 39. fxg5
hxg5 40. b4 Rf6 0-1

[Event "Championnat de France - Open A"]
[Site "PAU"]
[Date "2012.08.22"]
[Round "8.5"]
[White "Brest, Jean-Francois"]
[Black "Marie, Maxime"]
[Result "0-1"]
[WhiteElo "2046"]
[BlackElo "2170"]
[PlyCount "58"]

1. d4 Nf6 2. c4 e6 3. g3 Bb4+ 4. Bd2 a5 5. Bg2 d5 6. Nf3 dxc4 7. Qc2 b5 8. a4
bxa4 9. Rxa4 Nd5 10. Ne5 Bb7 11. Nxc4 Nc6 12. e3 O-O 13. O-O Qd7 14. Ra1 f5 15.
Rc1 g5 16. Ne5 Nxe5 17. dxe5 c5 18. e4 fxe4 19. Nc3 Rxf2 20. Kxf2 e3+ 21. Kg1
exd2 22. Qxd2 Qg7 23. Re1 Rf8 24. Qc2 c4 25. Nxd5 Bxd5 26. Re2 Qb7 27. Rc1 Bc5+
28. Kh1 Bxg2+ 29. Rxg2 Rf2 0-1

[Event "Championnat de France - Open A"]
[Site "PAU"]
[Date "2012.08.22"]
[Round "8.6"]
[White "Fejzovski, Enver"]
[Black "Fageot, Julien"]
[Result "1/2-1/2"]
[WhiteElo "2126"]
[BlackElo "2078"]
[PlyCount "97"]

1. Nf3 Nf6 2. c4 c6 3. b3 d5 4. Bb2 Bf5 5. cxd5 cxd5 6. g3 Nc6 7. Bg2 Rc8 8.
O-O e6 9. d3 Be7 10. Nbd2 O-O 11. a3 b5 12. b4 Nd7 13. Nb3 Nb6 14. Nfd4 Na4 15.
Nxc6 Rxc6 16. Bd4 Qd7 17. e4 dxe4 18. dxe4 Bg6 19. Be5 Rd8 20. Qxd7 Rxd7 21.
Na5 Rc2 22. Rac1 Rxc1 23. Rxc1 Nb6 24. Bf1 Bxe4 25. Nc6 f6 26. Nxe7+ Rxe7 27.
Bd4 Nc4 28. Bxc4 bxc4 29. Rxc4 Rd7 30. f4 Kf7 31. Be3 Bd3 32. Rd4 Rxd4 33. Bxd4
a6 34. Kf2 Ke7 35. Ke3 Bb5 36. Bc5+ Kd7 37. Kd4 g5 38. fxg5 fxg5 39. Ke5 g4 40.
Kf4 Be2 41. a4 Kc6 42. Ke5 Bd1 43. Kxe6 Bxa4 44. Bf8 Bd1 45. Ke5 Bc2 46. Kf4
Bd1 47. Ke5 Bc2 48. Kf4 Bd1 49. Ke5 1/2-1/2

[Event "Championnat de France - Open A"]
[Site "PAU"]
[Date "2012.08.22"]
[Round "8.7"]
[White "Jactel, Nicolas"]
[Black "Gaubil, Olivier"]
[Result "1-0"]
[WhiteElo "2105"]
[BlackElo "2070"]
[PlyCount "36"]

1. e4 e6 2. d4 d5 3. Nc3 Bb4 4. Bd3 Nf6 5. e5 Nfd7 6. Qg4 g6 7. Nf3 O-O 8. Bh6
f5 9. Qf4 Re8 10. h4 Bf8 11. h5 Bxh6 12. Qxh6 gxh5 13. g4 Re7 14. gxf5 Qe8 15.
Qxh5 exf5 16. Nxd5 Rg7 17. Bxf5 Qg6 18. Be6+ Rf7 1-0